Zamienione wyspy - Statystyki

Ogólne statystyki
  • Ten quiz został rozwiązany 207 razy
    195 od ostatniego zresetowania
  • Średni wynik to 12 z 16
Odpowiedzi na mapie
Odpowiedzi zakodowano w zielono-czerwonej skali na mapie do tego quizu, zgodnie z poniższymi procentami.
 
Statystyki odpowiedzi
Kraj % Poprawnych
Nowa Zelandia
94%
Madagaskar
90%
Irlandia
88%
Islandia
87%
Filipiny
86%
Haiti
84%
Republika Dominikańska
84%
Kuba
80%
Japonia
76%
Republika Zielonego Przylądka
72%
Bahamy
70%
Sri Lanka
68%
Kiribati
67%
Malediwy
66%
Tajwan
63%
Mauritius
55%
Nie znaleziono quizów pasujących do podanych kryteriów
Rozkład punktacji
Procent ludzi z każdym wynikiem
Percentyl według liczby udzielonych odpowiedzi
Twoja historia wyników
Nie rozwiązałeś tego quizu od ostatniego zresetowania